000 003070000a22001450004500
003 MACL
040 _aMACL
090 _c6351
_d6350
100 _aRanchan, Som P
245 _aAn Anatomy Of Indian Psyche
260 _bAjanta Publications
_c1987
350 _a80
650 _aPsychology
942 _cBOOK
_k150
999 _c6303
_d6303